[Event "Porto Alegre op"]
[Site "Porto Alegre"]
[Date "2013.09.14"]
[Round "6"]
[White "Capeletti, Cezer Luiz"]
[Black "Ehlers, Daniel"]
[Result "1-0"]
[WhiteElo "1712"]
[BlackElo "1750"]
[PlyCount "89"]
[EventDate "2013.07.06"]
[EventType "swiss"]
[EventRounds "6"]
[EventCountry "BRA"]
[SourceTitle "EXT 2014"]
[Source "ChessBase"]
[SourceDate "2013.11.20"]
[SourceVersion "1"]
[SourceVersionDate "2013.11.20"]
[SourceQuality "1"]

1. d4 Nf6 2. Nf3 e6 3. Bf4 b6 4. e3 Be7 5. Bd3 0-0 6. 0-0 Bb7 7. h3 Be4 8. c3 Bxd3 9. Qxd3 d5 10. Nbd2 c5 11. Rfd1 cxd4 12. cxd4 Qd7 13. e4 dxe4 14. Nxe4 Nc6 15. Ne5 Qxd4 16. Nxc6 Qxd3 17. Nxe7+ Kh8 18. Rxd3 Nxe4 19. Be3 Rfe8 20. Nc6 Nf6 21. Ne5 Kg8 22. Nd7 Nxd7 23. Rxd7 Red8 24. Rad1 Rxd7 25. Rxd7 Kf8 26. Bg5 f6 27. Bd2 h6 28. Bb4+ Kg8 29. Bd6 a6 30. Bc7 b5 31. Rd8+ Rxd8 32. Bxd8 Kf7 33. Kf1 Ke8 34. Bb6 Kd7 35. Ke2 Kc6 36. Bd8 Kd5 37. Kd3 f5 38. h4 g6 39. Bf6 e5 40. Bg7 h5 41. f3 a5 42. Ke3 e4 43. fxe4+ fxe4 44. Bh8 a4 45. a3 1-0

[Event "Porto Alegre op"]
[Site "Porto Alegre"]
[Date "2013.08.03"]
[Round "4"]
[White "Ehlers, Daniel"]
[Black "Benevenga, Antonio"]
[Result "0-1"]
[WhiteElo "1750"]
[BlackElo "1814"]
[PlyCount "94"]
[EventDate "2013.07.06"]
[EventType "swiss"]
[EventRounds "6"]
[EventCountry "BRA"]
[SourceTitle "EXT 2014"]
[Source "ChessBase"]
[SourceDate "2013.11.20"]
[SourceVersion "1"]
[SourceVersionDate "2013.11.20"]
[SourceQuality "1"]

1. e4 c5 2. Nc3 Nc6 3. f4 d6 4. Nf3 a6 5. Be2 e6 6. d3 g6 7. Be3 Bg7 8. Qd2 b5 9. Rb1 b4 10. Nd1 Nf6 11. 0-0 Ng4 12. Kh1 Nxe3 13. Qxe3 0-0 14. e5 Bb7 15. Nf2 dxe5 16. fxe5 Nd4 17. Nxd4 Qxd4 18. Qxd4 cxd4 19. Ng4 Rfc8 20. Rbc1 Rc5 21. Nf6+ Bxf6 22. exf6 Rac8 23. Bd1 Rf5 24. Rxf5 gxf5 25. Kg1 Kf8 26. Bh5 Bd5 27. b3 Rc6 28. Bf3 Bxf3 29. gxf3 e5 30. Kf2 Rxf6 31. Re1 Re6 32. Ke2 Ke7 33. Kd2 Kd6 34. Rg1 Rg6 35. Rg3 Rxg3 36. hxg3 Kd5 37. Ke2 h5 38. Kf2 e4 39. f4 e3+ 40. Kf3 Ke6 41. Kg2 Kf6 42. Kf3 Kg6 43. Kg2 h4 44. gxh4 Kh5 45. Kg3 a5 46. Kf3 Kxh4 47. Kg2 Kg4 0-1